Score 0/15 Timer 02:00
0 Plays Today
Clue Answer % Correct
Sound quality; pitchTONE
88.6%
Ripped or went quicklyTORE
82.4%
Small growth on the skinWART
80.5%
SI unit of powerWATT
76.6%
1936 Margaret Mitchell Novel: ''[Rung 1] ____ the [Rung 15]''•WITH•
71.9%
Smart; knowledgableWISE
71.6%
1962 movie: ''Days of ____ and Roses''WINE
70.1%
Protective canvasTARP
69.3%
Clue Answer % Correct
1936 Margaret Mitchell Novel: ''____ [Rung 11] the [Rung 15]''•GONE•
68.6%
DesireWISH
68.5%
Twist; distortWARP
68.3%
Former East German figure skater, Katarina ____WITT
67.8%
1936 Margaret Mitchell Novel: ''[Rung 1] [Rung 11] the ____''•WIND•
67.3%
This Japanese word for tiger, when tripled, is a 1970 WWII movie titleTORA
64.6%
One setting of this 1936 novel•TARA•
57.1%

Today's Daily Dose

You're not logged in!

Compare scores with friends on all Sporcle quizzes.
OR
Log In

Sporcle TV

Today on Sporcle TV


Watch our educational content, quiz creation guides, and fun videos on Sporcle TV.

Show Comments

Extras

Top Quizzes Today


Score Distribution

Paid Content

Your Account Isn't Verified!

In order to create a playlist on Sporcle, you need to verify the email address you used during registration. Go to your Sporcle Settings to finish the process.

Report this User

Report this user for behavior that violates our Community Guidelines.

Details: